000 00543 a2200169 4500
999 _c123
_d123
008 200915b ||||| |||| 00| 0 eng d
020 _a9789280150872
082 0 0 _a623.8886
_bI339
110 _976
_aInternational Maritime Organization
245 _aAdvanced training in fire fighting (Model Course 2.03 plus compendium)
250 _a2nd ed.
260 _bInternational Maritime Organization:
_c2000.
_aLondon,
300 _av,118 p.
490 0 _aModel Course 2.03
650 0 _aMarine Engineers - Training
_xFirefighting
942 _2ddc
_cBK